Kiss, bow or shake hand : sales and marketing :

Bibliographic Details
Main Author: Morrison
Other Authors: Conaway,
Format: Book
Published: New York: McGraw Hill, 2012.
Subjects:
LEADER 00706cam a2200193 7i4500
001 0000028007
005 20121228090000.0
020 0 0 |a 9780071714044  
090 0 0 |a B 658.8   |b MOR 
100 1 0 |a Morrison  
245 0 0 |a Kiss, bow or shake hand :   |b sales and marketing :   |b sales and marketing :   |b the essential cultural guide - from presentations and promotion to communicating and closing. 
260 0 0 |a New York:   |b McGraw Hill,   |c 2012. 
300 # # |a 284 p. 
650 0 0 |a Business communication  
650 0 0 |a Intercultural communication  
650 0 0 |a Business etiquette  
650 0 0 |a Marketing --   |x Cross - cultural studies  
700 1 0 |a Conaway,   |h Wayne A.  
999 |a B000031346  |b Book  |c Book  |e Business Information Centre